Tropical Africa /
সংরক্ষণ করুন:
| প্রধান লেখক: | |
|---|---|
| বিন্যাস: | গ্রন্থ |
| ভাষা: | ইংরেজি |
| প্রকাশিত: |
New York :
Time, Inc.,
1962.
|
| মালা: | Life world library
|
| বিষয়গুলি: | |
| ট্যাগগুলো: |
কোনো ট্যাগ নেই, প্রথমজন হিসাবে ট্যাগ করুন!
|
MARC
| LEADER | 00000nam a22000007a 4500 | ||
|---|---|---|---|
| 003 | KE-NaDUL | ||
| 005 | 20230414195335.0 | ||
| 008 | 230414b |||||||| |||| 00| 0 eng d | ||
| 040 | |a DUL |c DUL |d Dwaswala | ||
| 050 | 0 | 0 | |a DT352.C68 1962 |
| 100 | 1 | |a Coughlan, Robert, |9 124832 | |
| 245 | 1 | 0 | |a Tropical Africa / |c by Robert Coughlan and the editors of Life. |
| 260 | |a New York : |b Time, Inc., |c 1962. | ||
| 300 | |a 176 p. : |b ill. (part col.), col. maps, ports. (part col.) ; |c 29 cm. | ||
| 440 | 0 | |a Life world library |9 124833 | |
| 504 | |a Bibliography: p. [169]-170. | ||
| 651 | 0 | |a Africa, Sub-Saharan |x History |v Pictorial works. |9 124834 | |
| 942 | |2 lcc |c REF |h DT352 |i .C68 |m 1962 |6 DT0352 C68 | ||
| 952 | |0 0 |1 0 |2 lcc |4 0 |6 DT0352 C68 01962 |7 1 |8 REF |9 135734 |a CUI |b CUI |c CUI |d 2023-04-14 |l 0 |o DT352.C68 1962 |p CUI04722 |r 2023-04-14 00:00:00 |w 2023-04-14 |x 04722 |y REF | ||
| 999 | |c 220140 |d 220139 | ||